00979nam a22002057a 4500008004100000020001800041050001900059100003800078245008600116250001700202260003200219300003700251500004700288500004500335505027800380650002100658650002300679700003700702700003400739181218s2007 mx de||| |||| 00| 0 spa d a9789682480195 aT353bG88 2007 aGutiérrez Ariza, Alfonsoeautor aAntecedentes de dibujo técnicob: geometría planac/ Alfonso Gutiérre Ariza a2a edición aMéxicob: Trillasc, 2007 a86 páginasb: planosc; 23 cm. aTítulo anterior: Antecedentes de dibujo. aIncluye: bibliografía básica (pp.86) aGeometría plana Conceptos básicos Ángulos en el plano Triángulos en el plano Cuadriláteros en el plano Polígonos regulares en el plano Circunferencia Sólidos Lugares geométricos en el plano Simetría en el plano Trigonometría Curvas planas no circulares 0aDIBUJO TÉCNICO 0aGEOMETRÍA PLANA  aGutiérez Guerra, Arturoeautor aAguilar Cuevas, Arturoeautor